000 01413nam0a22003971 4500
001 RU\NLR\bibl\394524
005 20250622161709.0
010 _a5-8062-0068-X
_91500
021 _aRU
_b2003-9390
_9432
035 _a(NLR Aleph) 000388792
090 _a502312
_c502312
100 _a20030414d2003 |||y0rusy50 ca
101 0 _arus
102 _aRU
105 _aac |||||||||
200 1 _aВоплощенный миф
_e"Евр. идея" в цивилизации
_fА.Ю. Милитарев
_g[Евр. ун-т в Москве]
210 _aМ.
_cНаталис
_d2003
215 _a249, [4] с.
_cил., карт.
_d21
225 1 _aВосточная коллекция
225 1 _aБиблиотека Российского еврейского конгресса
606 0 _aЕврейский вопрос
_yРоссия
_91135905
_3RU\NLR\auth\66451616
610 0 _aЕврейская культура - История
675 _a008(-411.16)(091)
_v3
_zrus
686 _a13
_2rugasnti
686 _a63.3(0)
_2rubbk
686 _aТ3(29=Е)
700 1 _aМилитарев
_bА. Ю.
_gАлександр Юрьевич
_4070
801 0 _aRU
_bRKP
_c20030414
_gPSBO
801 1 _aRU
_bRKP
_c20030414
801 2 _aRU
_bNLR
_c20030520
_grcr
852 _aNLR
_bОЛСАА-сл-спр
_j2-4530
942 _cBOOK
980 _aNB
980 1 _aSL_SPR